| 000 -LEADER | |
|---|---|
| fixed length control field | 00333nam a22001217a 4500 |
| 020 ## - INTERNATIONAL STANDARD BOOK NUMBER | |
| ISBN | 0230328717 |
| 050 ## - LIBRARY OF CONGRESS CALL NUMBER | |
| Classification number | HF5691 |
| 100 ## - MAIN ENTRY--AUTHOR NAME | |
| Personal name | Sharma, J. K. |
| 245 ## - TITLE STATEMENT | |
| Title | Quantitative methods: theory and applications |
| 260 ## - PUBLICATION, DISTRIBUTION, ETC. (IMPRINT) | |
| Place of publication | New Delhi |
| Name of publisher | Macmillan |
| Year of publication | 2010 |
| 300 ## - PHYSICAL DESCRIPTION | |
| Number of Pages | 865p. |
| Other physical details | xv,:ill. Includes bibliographical references and index |
| 942 ## - ADDED ENTRY ELEMENTS (KOHA) | |
| Koha item type | Books |
| Koha item type | Collection code | Shelving location | Accession Number | Permanent Location | Current Location | Date acquired | Full call number |
|---|---|---|---|---|---|---|---|
| Books | Reference | Reference | 3010 | Chapman Library | Chapman Library | 2016-01-21 | HF5691sha |
| Books | Reference | Reference | 3011 | Chapman Library | Chapman Library | 2016-01-21 | HF5691sha |

